Čtení o psaní, aneb, Spisovatelem snadno & rychle pro potřebu kandidátů nesmrtelnosti podle vynikajících i jiných českých spisovatelů / Václav Lacina ; ilustroval Adolf Born ; obálka, vazba a grafická úprava Milan Kopřiva
Record details
- Physical Description: 131 s. : il.
- Edition: 6. vyd.
- Publisher: Praha : Odeon, 1970
Search for related items by subject
| Genre: | satira česká poezie české prózy |
Search for related items by series
Available copies
- 1 of 1 copy available at Common Catalog SPOK.
Holds
- 0 current holds with 1 total copy.
Show Only Available Copies
| Location | Call Number / Copy Notes | Barcode | Shelving Location | Status | Due Date |
|---|---|---|---|---|---|
| Hospic Dobrého Pastýře | UM
Tematická katagorie: Umění (UM) |
2045957005676 | Knihovna | Available | - |
| LDR | 01253nam a2200325 a 4500 | ||
|---|---|---|---|
| 001 | 28785 | ||
| 003 | CZ-PrJAB | ||
| 005 | 20220729064642.0 | ||
| 008 | 040426s1970 xr e cze | ||
| 015 | . | ‡acnb000452378 | |
| 035 | . | ‡a(CZ PlERL)000291155 | |
| 040 | . | ‡aPNA001 ‡bcze | |
| 080 | . | ‡a821.162.3-1 | |
| 080 | . | ‡a(0:82-17) | |
| 080 | . | ‡a82-7 | |
| 080 | . | ‡a(0:82-7) | |
| 100 | 1 | . | ‡aLacina, Václav, ‡d1906-1993 ‡7jk01071358 ‡4aut |
| 245 | 1 | 0. | ‡aČtení o psaní, aneb, Spisovatelem snadno & rychle pro potřebu kandidátů nesmrtelnosti podle vynikajících i jiných českých spisovatelů / ‡cVáclav Lacina ; ilustroval Adolf Born ; obálka, vazba a grafická úprava Milan Kopřiva |
| 246 | 3 | 0. | ‡aSpisovatelem snadno & rychle pro potřebu kandidátů nesmrtelnosti podle vynikajících i jiných českých spisovatelů |
| 250 | . | ‡a6. vyd. | |
| 260 | . | ‡aPraha : ‡bOdeon, ‡c1970 | |
| 300 | . | ‡a131 s. : ‡bil. | |
| 490 | 1 | . | ‡aKlub čtenářů ; ‡vsv. 79 |
| 655 | 7. | ‡asatira ‡7fd133323 ‡2czenas | |
| 655 | 7. | ‡ačeská poezie ‡7fd133958 ‡2czenas | |
| 655 | 7. | ‡ačeské prózy ‡7fd133972 ‡2czenas | |
| 700 | 1 | . | ‡aBorn, Adolf, ‡d1930-2016 ‡7jk01012660 ‡4ill |
| 700 | 1 | . | ‡aKopřiva, Milan, ‡d1929-1997 ‡7jk01061743 ‡4ill |
| 830 | 0. | ‡aKlub čtenářů (Odeon) | |
| 910 | . | ‡aBNE702 | |
| 901 | . | ‡a28785 ‡b ‡c28785 ‡tbiblio | |